000 01002nam a22002537a 4500
001 000492
003 DO-SdBNP
005 20160914105401.0
007 000492
008 160914b 2004 sp ||||| |||| 00| 0 spa d
020 _a9788497510196
040 _aBPMSU
_bspa
_cBPMSU
092 _axxxxx
_bxxxxx
100 1 _aAcosta Rodríguez, Victor Manuel
245 1 0 _aLas prácticas educativas ante las dificultades del lenguaje :
_buna propuesta desde la acción : la colaboración entre logopedas, psicopedagogos, profesores y padres /
_cVictor Manuel Acosta Rodríguez ; prólogo Carmen García Pastor.
260 _aBarcelona :
_bArs Medina ; Lexus ;
_bGrupo Ars XXI de Comunicación,
_c[2003].
300 _aXX, 244 p. ;
_c24 cm
490 1 _aComunicación, lenguaje y logopedia
504 _aBibliografía: p.215-231.
700 1 _aGarcía Pastor, Carmen,
_epról.
830 0 _aComunicación, lenguaje y logopedia.
942 _2ddc
_cBK
956 _2LOPEREZ
_310
_620160914
_8BPMSU
_a00041
999 _c11362
_d11362